Normal view
MARC view
Entry Personal Name
001 - CONTROL NUMBER
- control field: 33709
003 - CONTROL NUMBER IDENTIFIER
- control field: ARRUPE
005 - DATE AND TIME OF LATEST TRANSACTION
- control field: 20170727120646.0
008 - FIXED-LENGTH DATA ELEMENTS
- fixed length control field: 170727|| aca||aabn | a|a d
040 ## - CATALOGING SOURCE
- Original cataloging agency: ARRUPE
- Transcribing agency: ARRUPE
100 ## - HEADING--PERSONAL NAME
- Personal name: Ree, Jonathan (ed.)
670 ## - SOURCE DATA FOUND
- Source citation: Work cat.: (ARRUPE)28742: Sartre, Jean-Paul 6629, Critique of dialectical reason, 1976